00694nam a2200193 i 450000100060000000300090000600500170001500700030003200800410003502000180007610000410009424501240013526000580025930000330031749000420035070000330039283000420042585200330046771996ES-MaACL20251005063048.0t|040823s1985 sp ||||1| spa d a84-00-06117-91 aGil y Carrasco, Enrique, d1815-184610aBosquejo de un viaje a una provincia del interior / cEnrique Gil y Carrasco ; edición de María Paz Díez Taboada. aLeón : bDiputación Provincial de León, c1985. a169 p., 10 lám. ; c21 cm.1 aBreviarios de la calle del Pez ; v101 aDíez Taboada, María Paz.0 aBreviarios de la calle del Pez ; v10 aES-MaACLjL-12501 bR.115042